000 00808cam a22002773a 4500
001 2026
003 PGUSA
005 20140828083009.0
008 060514s2006||||xxu|||||s|||||000 1 eng d
040 _aPGUSA
_beng
042 _adc
050 4 _aPT
100 1 _aNiemann, August,
_d1839-1919
245 1 4 _aThe Coming Conquest of England
_h[electronic resource] /
_cAugust Niemann
260 _bProject Gutenberg,
_c2006
500 _aTranslation of Der Weltkrieg deutsche Traume
506 _aPublic domain in the USA.
516 _aElectronic text
653 _aScience fiction
653 _aImaginary wars and battles
700 1 _aFreese, John Henry
740 0 _aDer Weltkrieg. English
830 0 _aProject Gutenberg
_v2026
856 4 0 _uhttp://www.gutenberg.org/ebooks/2026
942 _cEB
999 _c231365
_d231365